| 000 | 00890nam a2200277Ia 4500 | ||
|---|---|---|---|
| 003 | OSt | ||
| 005 | 20220918171606.0 | ||
| 006 | a|||||r|||| 00| 0 | ||
| 007 | ta | ||
| 008 | 220917b |||||||| |||| 00| 0 eng d | ||
| 020 |
_a9783110198218 (hbk) _c8085.35 |
||
| 024 | _a239,254 | ||
| 037 |
_b28112, 30/07/2009, Segment Book Distributors _cTextual |
||
| 040 |
_aARTS _cARTS _beng |
||
| 041 |
_2eng _aeng |
||
| 082 | _aP:1, P8 | ||
| 100 |
_aAvery Peter Ed. _937497 |
||
| 245 | 0 |
_aContrast in phonology _b Theory, perception, acquistion |
|
| 260 |
_aBerlin _bMouton De Gruyter _c2008 |
||
| 300 |
_aix,348p. _ccm. |
||
| 490 | _aPhonology and phonetics; 13 | ||
| 650 | _aLINGUISTICS | ||
| 700 |
_a Dresher B. Elan Ed. _937498 |
||
| 942 |
_hP:1, P8 _cTEXL _2CC |
||
| 999 |
_c140291 _d140291 |
||